|
|
|
|
| LEADER |
02450nam a22003253i 4500 |
| 001 |
EBC31498703 |
| 003 |
MiAaPQ |
| 005 |
20240729202206.0 |
| 006 |
m o d | |
| 007 |
cr cnu|||||||| |
| 008 |
240729s2020 xx o ||||0 eng d |
| 020 |
|
|
|a 9789240010543
|q (electronic bk.)
|
| 035 |
|
|
|a (MiAaPQ)EBC31498703
|
| 035 |
|
|
|a (Au-PeEL)EBL31498703
|
| 040 |
|
|
|a MiAaPQ
|b eng
|e rda
|e pn
|c MiAaPQ
|d MiAaPQ
|
| 245 |
1 |
0 |
|a Strengthening the Health System Response to Violence Against Women in Uganda :
|b Lessons Learned from Adapting and Implementing WHO Guidelines and Tools.
|
| 250 |
|
|
|a 1st ed.
|
| 264 |
|
1 |
|a Geneva :
|b World Health Organization,
|c 2020.
|
| 264 |
|
4 |
|c Ã2020.
|
| 300 |
|
|
|a 1 online resource (32 pages)
|
| 336 |
|
|
|a text
|b txt
|2 rdacontent
|
| 337 |
|
|
|a computer
|b c
|2 rdamedia
|
| 338 |
|
|
|a online resource
|b cr
|2 rdacarrier
|
| 505 |
0 |
|
|a Intro -- Acknowledgements -- Background -- Purpose and intended audiences -- Process and methods -- Case study methodology -- Findings: Pathways to change atthe policy level -- Output level changes in awareness, leadership, political commitment and policies -- Donor and development partner response -- Findings: Pathways to change atthe institutional level -- Output level changes: Improvements in service delivery -- Changes in health worker capacities -- Findings: Pathways to change atthe community level -- Outcome level changes in community norms -- Lessons learned -- Policy advocacy process -- Health worker training -- Next steps -- Training and mentoring of health care providers -- Advocacy -- Supplies and resources -- Evidence -- Annexes -- Annex 1: References -- Annex 2: Timeline with activities and milestones achieved over five years (2014 - 2018) -- Annex 3: Piloting process of "Training of Health care providers on Management of Sexual and Gender Based Violence Survivors/Victims".
|
| 588 |
|
|
|a Description based on publisher supplied metadata and other sources.
|
| 590 |
|
|
|a Electronic reproduction. Ann Arbor, Michigan : ProQuest Ebook Central, 2024. Available via World Wide Web. Access may be limited to ProQuest Ebook Central affiliated libraries.
|
| 655 |
|
4 |
|a Electronic books.
|
| 776 |
0 |
8 |
|i Print version:
|t Strengthening the Health System Response to Violence Against Women in Uganda
|d Geneva : World Health Organization,c2020
|
| 797 |
2 |
|
|a ProQuest (Firm)
|
| 856 |
4 |
0 |
|u https://ebookcentral.proquest.com/lib/matrademy/detail.action?docID=31498703
|z Click to View
|